Matemática 9 /
Guardado en:
| Autor Principal: | |
|---|---|
| Otros Autores: | |
| Formato: | Libro |
| Publicado: |
Buenos Aires :
Santillana,
2003
|
| Series: | Santillana Hoy
|
| Materias: | |
| Etiquetas: |
Agregar Etiqueta
Sin Etiquetas, Sea el primero en etiquetar este registro!
|
| LEADER | 01036nam a22002415a 4500 | ||
|---|---|---|---|
| 001 | CEM.cems011315 | ||
| 005 | 20080229082713.0 | ||
| 008 | 130507s2003##################000#0#####d | ||
| 003 | CEMS | ||
| 020 | |a 9504612733 | ||
| 082 | 0 | 4 | |a Z510 |
| 100 | 1 | |a Piñeiro, Gustavo E. | |
| 245 | 1 | 0 | |a Matemática 9 / |c Gustavo E. Piñeiro, Gisela B. Serrano |
| 260 | |a Buenos Aires : |b Santillana, |c 2003 | ||
| 300 | |a 144 p. | ||
| 490 | 0 | |a Santillana Hoy | |
| 500 | |a Para 9º año Egb | ||
| 505 | 0 | |a Racionales e irracionales -- Divisibilidad, potenciación y radicación -- Expresiones algebraicas -- Ecuaciones e inecuaciones -- Igualdad de triángulos. Movimientos -- Proporcionalidad -- Funciones -- Semejanza y trigonometría -- Geometría y mediciones -- Combinatoria -- Probabilidad -- Estadística | |
| 653 | |a Matemática | ||
| 653 | |a Matemática-9º egb | ||
| 700 | 1 | |a Serrano, Gisela B. | |
| 859 | |a CEMS |b BIB. CEMS - 11 de abril |h Z510 |i P658 |p 22240.03 |t Ej.1 |v 9º |3 9º | ||
| 859 | |a CEMS |b BIB. CEMS - 11 de abril |h Z510 |i P658 |p 22241.03 |t Ej.2 |v 9º |3 9º | ||
